Follow That Line: Madagascar Quiz Stats

 Plays Quiz not verified by Sporcle

Challenge
Share
Tweet
Embed
Score 0/18 Timer 09:00
0 Plays Today
% Correct
Because the penguins are psychotic!
94.4%
All hail the New York Giants!
94.1%
Or white with black stripes!
93.2%
Do you know that was my first rectal thermometer?
92.5%
Nah! Just smile and wave, boys. Smile and wave.
92.4%
They are... aliens! Savage aliens! From the savage future!
92%
I said my chances are slim!
91.7%
Oh, you don't swallow it. This is just temporary until the plumbing comes in.
90.9%
Don't give me excuses, give me results!
90.3%
% Correct
If a zebra's in the zone, leave him alone.
90%
Hey, I'll knock your turnal right off, pal!
89.5%
Hoover Dam! We're still in New York! Abort! Dive! Dive! Dive!
88.9%
Free mints!
86.9%
One Fun Side special, coming up. Seaweed on a stick.
84.5%
I can't top that! Can't top it!
84.2%
Lyme disease.
83.1%
I just saw twenty-six blatant health code violations.
82.5%
Well, of course we're going to throw poo at him!
82.3%

You're not logged in!

Compare scores with friends on all Sporcle quizzes.
OR
Log In

You Might Also Like...

Show Comments

Extras

Top Quizzes Today


Score Distribution

Your Account Isn't Verified!

In order to create a playlist on Sporcle, you need to verify the email address you used during registration. Go to your Sporcle Settings to finish the process.

Report this User

Report this user for behavior that violates our Community Guidelines.

Details: